| 000 | 00704nam a2200193Ii 4500 | ||
|---|---|---|---|
| 003 | JO-AjNU | ||
| 008 | 230605s9999||||xx |||||||||||||| ||und|| | ||
| 040 |
_aJO-AjNU _bara _erda _cJO-AjNU |
||
| 041 | _aara | ||
| 050 | 1 | 4 | _aBP166.K42 |
| 100 | 3 |
_aالخميس، محمد بن عبد الرحمن, _eauthor _97223 |
|
| 245 | 0 | 0 | _aاعتقاد الأئمة الأربعة أبي حنيفة ومالك والشافعي و أحمد |
| 264 | 3 | 1 | _aد.م: د.ن، د.ت |
| 300 |
_a98ص _bيشتمل على فهارس(ص78-95) |
||
| 336 |
_atext _btxt _2rdacontent |
||
| 337 |
_aunmediated _bn _2rdamedia |
||
| 338 |
_avolume _bnc _2rdacarrier |
||
| 650 | 4 |
_aعلم الكلام- علم رواية الحديث _97224 |
|
| 999 |
_aA171 _c3739 _d3739 |
||